Movies Quiz

Random Movies or Actor Quiz

Multiple Choice Academy Award Winners (A-Z) Quiz Stats

 Plays Quiz Updated Mar 1, 2018

Challenge
Share
Tweet
Embed
Score 0/26 Timer 06:00
4 Plays Today
Question Answer Wrong Answers
Ben who won for playing Gandhi in Gandhi Kingsley
97.6%
Affleck
0.9%
Stiller
0.6%
Stein
0.8%
Quentin who won for Best Original Screenplay for Django Unchained Tarantino
95%
Blake
0.4%
Dean
0.2%
Cooper
0.5%
Natalie who won for playing Nina Sayers in Black Swan Portman
94.3%
Schafer
0.2%
Imbruglia
0.2%
Wood
1.7%
Diane who won for playing Annie Hall in Annie Hall Keaton
93.1%
Ladd
0.8%
Lane
3.5%
Sawyer
1.5%
Kathy who won for playing Annie Wilkes in Misery Bates
91.7%
Griffin
2%
Hepburn
1.6%
Turner
1.5%
Paul who won for playing Fast Eddie Felson in The Color of Money Newman
91.5%
Muni
1%
Verhoeven
1.2%
Walker
2.3%
Ingrid who won for playing Paula Alquist Anton in Gaslight Bergman
90.1%
van Bergen
3.9%
Jensen
2%
Alexandra
0.9%
Vivien who won for playing Blanche DuBois in A Streetcar Named Desire Leigh
87.3%
Vance
3.7%
Kubrick
1.5%
Thomas
3%
Helen who won for playing Carol Connelly in As Good as it Gets Hunt
86.6%
Hayes
2.5%
Mirren
7.3%
Keller
1.1%
Yul who won for playing King Mongkut of Siam in The King and I Brynner
83.7%
Vazquez
2.2%
Kwon
7.6%
Anderson
1.6%
Anne who won for playing Annie Sullivan in the Miracle Worker Bancroft
81.4%
Francis
5.2%
Hathaway
8.7%
Meara
4%
Tim who won for playing Dave Boyle in Mystic River Robbins
79.1%
Hutton
5.7%
Roth
8.8%
Daly
2%
Louise who won for playing Nurse Ratched in One Flew Over the Cuckoo's Nest Fletcher
75.2%
Plowright
3.9%
Lasser
5.8%
Rainer
11.3%
Michael who won for playing Elliot in Hannah and Her Sisters Caine
71%
Douglas
13.4%
J. Fox
2.6%
Keaton
9.2%
Olivia who won for playing Miss Josephine 'Jody' Norris in To Each His Own de Havilland
71%
d'Abo
5.6%
Wilde
10.6%
Hussey
8.6%
Frank who won for playing Private Angelo Maggio in From Here to Eternity Sinatra
68.3%
Caliendo
3.8%
Gorshin
7.5%
Capra
18.1%
Charles who won for playing Henry VIII in The Private Life of Henry VIII Laughton
67.1%
Chaplin
4.2%
Durning
13.7%
Bronson
13.7%
William who won for playing Luis Alberto Molina in Kiss of the Spider Woman Hurt
65.3%
Holden
14.2%
Wyler
3%
H. Macy
12.7%
Zach who won for Best Film Editing for The Matrix Staenberg
62.3%
Braff
8.9%
King
15.8%
Galifianakis
7.9%
Susan who won for playing Barbara Graham in I Want to Live! Hayward
57.4%
Sarandon
27.9%
George
4.7%
Lucci
5.6%
James who won for directing Terms of Endearment L. Brooks
56.5%
Cameron
26.6%
Cagney
9.4%
Earl Jones
4.2%
George who won for playing Al Lewis in The Sunshine Boys Burns
52.5%
Clooney
8.2%
Kennedy
14.2%
C. Scott
22.3%
Ray who won for playing Don Birnam in The Lost Weekend Milland
48.3%
Bolger
13.6%
Liotta
28.8%
Romano
5%
Ulla-Britt who won for Best Costume Design for Barry Lyndon Söderlund
46.6%
Wieslander
16.6%
Eklund
23.1%
Lilleaas
8.7%
Edmund who won for playing Kris Kringle in the Christmas film Miracle on 34th Street Gwenn
40.6%
Hillary
12.1%
Goulding
39.9%
Blackadder
5.2%
Xavier who won Best Foreign Language Film for Journey of Hope Koller
39.4%
Samuel
10.4%
Woods
20%
Dolan
25%

You're not logged in!

Compare scores with friends on all Sporcle quizzes.
Join for Free
OR
Log In

You Might Also Like...

Show Comments

Extras

Top Quizzes Today


Score Distribution

Your Account Isn't Verified!

In order to create a playlist on Sporcle, you need to verify the email address you used during registration. Go to your Sporcle Settings to finish the process.

Report this User

Report this user for behavior that violates our Community Guidelines.

Details: